Reforma tributaria 2017 (Registro nro. 3678)
[ vista simple ]
| 000 -LEADER | |
|---|---|
| fixed length control field | 02226 a2200385 4500 |
| 001 - CONTROL NUMBER | |
| control field | 43265 |
| 005 - DATE AND TIME OF LATEST TRANSACTION | |
| control field | 20260407155716.0 |
| 008 - FIXED-LENGTH DATA ELEMENTS--GENERAL INFORMATION | |
| fixed length control field | 260407a2017 arg spa d |
| 003 - CONTROL NUMBER IDENTIFIER | |
| control field | AR-UNSa-BCEJYS |
| 040 ## - CATALOGING SOURCE | |
| Original cataloging agency | AR-UNSa-BCEJYS |
| Language of cataloging | spa |
| Transcribing agency | AR-UNSa-BCEJYS |
| 080 ## - UNIVERSAL DECIMAL CLASSIFICATION NUMBER | |
| Universal Decimal Classification number | 336.22 |
| Common auxiliary subdivision | Impuestos |
| 020 ## - INTERNATIONAL STANDARD BOOK NUMBER | |
| International Standard Book Number | 978-987-03-3233-6 |
| 041 ## - LANGUAGE CODE | |
| Language code of text/sound track or separate title | spa |
| 100 1# - MAIN ENTRY--PERSONAL NAME | |
| Personal name | Bertazza, Humberto J. |
| 245 10 - TITLE STATEMENT | |
| Title | Reforma tributaria 2017 |
| Name of part/section of a work | Impuesto a las ganancias, monotributo y creación de nuevos impuestos |
| 264 #1 - PRODUCTION, PUBLICATION, DISTRIBUTION, MANUFACTURE, AND COPYRIGHT NOTICE | |
| Place of production, publication, distribution, manufacture | Buenos Aires : |
| Name of producer, publisher, distributor, manufacturer | La Ley |
| Date of production, publication, distribution, manufacture, or copyright notice | 2017 |
| 300 ## - PHYSICAL DESCRIPTION | |
| Extent | xviii, 489 p. |
| Dimensions | 24 cm. |
| 505 ## - FORMATTED CONTENTS NOTE | |
| Formatted contents note | 1. Introducción general / Luis Omar Fernández - 2. Los cambios en la determinación del impuesto a las ganancias de las personas humanas y las sucesiones indivisas para el año 2017 / Marcelo R. Corti - 3. Nuevas deducciones en el impuesto a las ganancias - 4. El privilegio de trabajar en el Poder Judicial y los límites del consenso de la política - 5. Imputación al año fiscal de ajustes de tributos - 6. Casos prácticos de liquidación del impuesto a las ganancias - 7. Las horas extras en el impuesto a las ganancias - 8. Modificaciones al régimen simplificado para pequeños contribuyentes establecidas por la ley 27.346 - 9. Los nuevos impuestos al juego y a las apuestas - 10. Impuesto extraordinario a las operaciones de dólar futuro ley 27.346 - 11. El responsable sustituto en el IVA por prestaciones realizadas en el país por sujetos del exterior - 12. Algunos aspectos constitucionales de la reforma de ganancias 2016 - 13. El nuevo tipo penal del juego clandestino - |
| 590 ## - LOCAL NOTE (RLIN) | |
| Local note | niveau_biblio:m niveau_hierar:0 |
| 700 1# - ADDED ENTRY--PERSONAL NAME | |
| Personal name | Corti, Marcelo Rubén |
| 700 1# - ADDED ENTRY--PERSONAL NAME | |
| Personal name | Dalmasio, Adalberto Raúl |
| 700 1# - ADDED ENTRY--PERSONAL NAME | |
| Personal name | Díaz Ortiz, José A. |
| 700 1# - ADDED ENTRY--PERSONAL NAME | |
| Personal name | Domínguez, Marcelo E. |
| 700 1# - ADDED ENTRY--PERSONAL NAME | |
| Personal name | Fernández, Luis Omar |
| 700 1# - ADDED ENTRY--PERSONAL NAME | |
| Personal name | Litvin, César R. |
| 700 1# - ADDED ENTRY--PERSONAL NAME | |
| Personal name | Marconi, Ana Clara |
| 700 1# - ADDED ENTRY--PERSONAL NAME | |
| Personal name | Marconi, Norberto J. |
| 700 1# - ADDED ENTRY--PERSONAL NAME | |
| Personal name | Nicolini, Juan Carlos |
| 700 1# - ADDED ENTRY--PERSONAL NAME | |
| Personal name | Rajmilovich, Darío Marcelo |
| 700 1# - ADDED ENTRY--PERSONAL NAME | |
| Personal name | Serra, Marcelo |
| 700 1# - ADDED ENTRY--PERSONAL NAME | |
| Personal name | Spisso, Rodolfo Roque |
| 700 1# - ADDED ENTRY--PERSONAL NAME | |
| Personal name | Userpater, Mirta Noemí |
| 856 41 - ELECTRONIC LOCATION AND ACCESS | |
| Uniform Resource Identifier | <a href="https://biblioeco.unsa.edu.ar/pmb/images/libros/L126588.jpg">https://biblioeco.unsa.edu.ar/pmb/images/libros/L126588.jpg</a> |
| Link text | Imagen de portada |
| Electronic format type | image/jpeg |
| 942 ## - ADDED ENTRY ELEMENTS (KOHA) | |
| Koha item type | |
| Withdrawn status | Lost status | Damaged status | Not for loan | Home library | Current library | Shelving location | Date acquired | Total checkouts | Full call number | Barcode | Date last seen | Price effective from | Koha item type |
|---|---|---|---|---|---|---|---|---|---|---|---|---|---|
| Biblioteca Prof. Eusebio Cleto del Rey | Biblioteca Prof. Eusebio Cleto del Rey | 07/04/2026 | 336.22 B536 | L126588 | 07/04/2026 | 07/04/2026 | Libro | ||||||
| Biblioteca Prof. Eusebio Cleto del Rey | Biblioteca Prof. Eusebio Cleto del Rey | 07/04/2026 | 336.22 B536 | L126599 | 07/04/2026 | 07/04/2026 | Libro | ||||||
| Biblioteca Prof. Eusebio Cleto del Rey | Biblioteca Prof. Eusebio Cleto del Rey | 07/04/2026 | 336.22 B536 | L126598 | 07/04/2026 | 07/04/2026 | Libro | ||||||
| Biblioteca Prof. Eusebio Cleto del Rey | Biblioteca Prof. Eusebio Cleto del Rey | 07/04/2026 | 336.22 B536 | L126597 | 07/04/2026 | 07/04/2026 | Libro | ||||||
| Biblioteca Prof. Eusebio Cleto del Rey | Biblioteca Prof. Eusebio Cleto del Rey | 07/04/2026 | 336.22 B536 | L126596 | 07/04/2026 | 07/04/2026 | Libro | ||||||
| Biblioteca Prof. Eusebio Cleto del Rey | Biblioteca Prof. Eusebio Cleto del Rey | 07/04/2026 | 336.22 B536 | L126595 | 07/04/2026 | 07/04/2026 | Libro | ||||||
| Biblioteca Prof. Eusebio Cleto del Rey | Biblioteca Prof. Eusebio Cleto del Rey | 07/04/2026 | 336.22 B536 | L126594 | 07/04/2026 | 07/04/2026 | Libro | ||||||
| Biblioteca Prof. Eusebio Cleto del Rey | Biblioteca Prof. Eusebio Cleto del Rey | 07/04/2026 | 336.22 B536 | L126593 | 07/04/2026 | 07/04/2026 | Libro | ||||||
| Biblioteca Prof. Eusebio Cleto del Rey | Biblioteca Prof. Eusebio Cleto del Rey | 07/04/2026 | 336.22 B536 | L126592 | 07/04/2026 | 07/04/2026 | Libro | ||||||
| Biblioteca Prof. Eusebio Cleto del Rey | Biblioteca Prof. Eusebio Cleto del Rey | 07/04/2026 | 336.22 B536 | L126591 | 07/04/2026 | 07/04/2026 | Libro | ||||||
| Biblioteca Prof. Eusebio Cleto del Rey | Biblioteca Prof. Eusebio Cleto del Rey | 07/04/2026 | 336.22 B536 | L126590 | 07/04/2026 | 07/04/2026 | Libro | ||||||
| Biblioteca Prof. Eusebio Cleto del Rey | Biblioteca Prof. Eusebio Cleto del Rey | 07/04/2026 | 336.22 B536 | L126589 | 07/04/2026 | 07/04/2026 | Libro |